| 000 | 003330000a22000970004500 | ||
|---|---|---|---|
| 100 | 1 | _aPretiz, Paul E. | |
| 245 | 1 | 0 | _aGood (old) friday : In Latin America, good friday esed to mean silence and sorrow, not a day at the beach |
| 300 | _aVol. 74, Num 2 (Abril-Junio, 1994), Página 16 | ||
| 773 | 0 | _tLatin America Evangelist | |
| 942 | _cANA | ||
| 999 |
_c54832 _d54832 |
||